000 00863cam a2200241 4500
008 090401t1993 xxu||||| |||| 00| 0 eng d
020 _a1853800597
035 _a(Sirsi) u41531
041 _aeng
050 _a658.80969
100 _aFellows, Richard
245 _aMarketing and the construction client.
260 _aAscot, Berks.
_bChartered Institute of Building
_c1993
300 _avi,22p. ; 30cm.
350 _a12.5
520 _aA report, based on CIOB funded research carried out at the University of Bath under the direction of Richard Fellows and David Langford, which looks at the future needs and wants of clients.
650 _aBUILDING INDUSTRY
690 _aMANAGEMENT-BUSINESS MANAGEMENT-PROFESSIONAL PRACTICE
700 _aLangford, David
710 _aChartered Institute of Building
_92134
942 _n0
948 _c04/03/1997
999 _c90946
_d90946